[Event "17th Bora Kostic Mem"]
[Site "Vrsac SRB"]
[Date "2012.11.20"]
[Round "1.2"]
[White "Cvitan, Ognjen"]
[Black "Svetushkin, Dmitry"]
[Result "1/2-1/2"]
[WhiteTitle "GM"]
[BlackTitle "GM"]
[WhiteElo "2535"]
[BlackElo "2589"]
[WhiteFideId "14500086"]
[BlackFideId "13900463"]
[EventDate "2012.11.20"]

1. d4 d5 2. c4 c6 3. Nc3 Nf6 4. Nf3 a6 5. e3 Bf5 6. Bd3 Bxd3 7. Qxd3 e6 8. O-O
b5 9. b3 Be7 10. e4 O-O 11. Bd2 bxc4 12. bxc4 dxe4 13. Nxe4 c5 14. Nfg5 Nbd7 15.
d5 exd5 16. cxd5 Nxe4 17. Nxe4 Ne5 18. Qe2 Qxd5 19. Rfe1 Nd3 20. Red1 c4 21. Bc3
Qe6 22. Qf3 Rad8 23. Rab1 Rfe8 24. Rb7 Bf8 25. Rdb1 Qd5 26. Nd2 Nc5 27. Rc7 Na4
28. Bb4 Bxb4 29. Rxb4 Nc5 30. Qxd5 Rxd5 31. Nf1 c3 32. Rc4 Ne6 33. Rc8 Kf8 34.
Rxc3 Rd1 35. g3 Ra1 36. Rxe8+ Kxe8 37. Ra3 Nc7 38. Kg2 Kd7 39. Ne3 Kc6 40. Ra5
Rb1 41. h4 Rb5 1/2-1/2

[Event "17th Bora Kostic Mem"]
[Site "Vrsac SRB"]
[Date "2012.11.20"]
[Round "1.3"]
[White "Georgiev, Kiril"]
[Black "Sedlak, Nikola"]
[Result "1/2-1/2"]
[WhiteTitle "GM"]
[BlackTitle "GM"]
[WhiteElo "2660"]
[BlackElo "2572"]
[WhiteFideId "2900017"]
[BlackFideId "922900"]
[EventDate "2012.11.20"]

1. d4 d5 2. c4 c6 3. cxd5 cxd5 4. Bf4 Nc6 5. e3 Nf6 6. Nc3 a6 7. Bd3 Bg4 8. Nge2
e6 9. O-O Be7 10. Rc1 O-O 11. f3 Bh5 12. Bg3 Bg6 13. Nf4 Bd6 14. Bxg6 hxg6 15.
Nd3 Bxg3 16. hxg3 Qd6 17. g4 g5 18. Na4 Nd7 19. Qb3 Rab8 20. Nac5 Nxc5 21. Rxc5
Rfc8 22. Rfc1 Qd8 23. Kf2 Na5 24. Qb4 Rxc5 25. Nxc5 Nc4 26. b3 Nd6 27. Nd3 a5
28. Qa3 Rc8 29. Rxc8 Nxc8 30. Qc5 Ne7 31. Qb5 b6 32. Ne5 Qc8 33. Qxb6 Qc2+ 34.
Kg1 Qb1+ 35. Kf2 Qxa2+ 36. Kg3 Qd2 37. Kh2 Qe1 38. Qd8+ Kh7 39. Qxe7 Qh4+ 40.
Kg1 Qe1+ 1/2-1/2

[Event "17th Bora Kostic Mem"]
[Site "Vrsac SRB"]
[Date "2012.11.21"]
[Round "2.2"]
[White "Svetushkin, Dmitry"]
[Black "Georgiev, Kiril"]
[Result "1-0"]
[WhiteTitle "GM"]
[BlackTitle "GM"]
[WhiteElo "2589"]
[BlackElo "2660"]
[WhiteFideId "13900463"]
[BlackFideId "2900017"]
[EventDate "2012.11.20"]

1. e4 e5 2. Nf3 Nc6 3. Bb5 Nf6 4. O-O Nxe4 5. d4 Nd6 6. Bxc6 dxc6 7. dxe5 Nf5 8.
Qxd8+ Kxd8 9. Rd1+ Ke8 10. Nc3 Be6 11. Ng5 Bc8 12. Ne2 a5 13. a4 Be7 14. Nf3 Bd7
15. g4 Nh4 16. Nxh4 Bxh4 17. h3 h5 18. f3 Rd8 19. Be3 Be7 20. Kg2 c5 21. b3 hxg4
22. hxg4 Bc6 23. c4 f6 24. Nf4 Rh7 25. Ng6 Rxd1 26. Rxd1 b6 27. Bf4 fxe5 28.
Bxe5 Bg5 29. Re1 Kf7 30. Bxc7 Bxf3+ 31. Kxf3 Kxg6 32. Re6+ Kf7 33. Rxb6 Rh3+ 34.
Ke4 Bd2 35. Bf4 Bc3 36. Be5 Bb4 37. g5 g6 38. Rf6+ Ke7 39. Rxg6 Rxb3 40. Rb6 Rb1
41. g6 Re1+ 42. Kd5 Rd1+ 43. Kc6 Rd8 44. Kb5 Rc8 45. Rb8 Rxb8+ 46. Bxb8 Kf6 47.
Bc7 Kxg6 48. Bxa5 1-0

[Event "17th Bora Kostic Mem"]
[Site "Vrsac SRB"]
[Date "2012.11.22"]
[Round "3.2"]
[White "Georgiev, Kiril"]
[Black "Bogosavljevic, Boban"]
[Result "1-0"]
[WhiteTitle "GM"]
[BlackTitle "GM"]
[WhiteElo "2660"]
[BlackElo "2524"]
[WhiteFideId "2900017"]
[BlackFideId "931152"]
[EventDate "2012.11.20"]

1. Nf3 Nf6 2. c4 c6 3. g3 d5 4. Bg2 dxc4 5. O-O Nbd7 6. Na3 Nb6 7. Qc2 Be6 8.
Ng5 Qd7 9. Nxe6 Qxe6 10. e4 Qd7 11. Nxc4 Nxc4 12. Qxc4 Rd8 13. d3 Qxd3 14. Qa4
Qd4 15. Qa5 Qb6 16. b4 e6 17. Be3 Qxa5 18. bxa5 Bb4 19. Rab1 c5 20. a3 Bxa5 21.
e5 Nd5 22. Bxc5 Bb6 23. Bd6 f6 24. a4 fxe5 25. Bxe5 Rd7 26. Rb5 Rf8 27. Bh3 Kf7
28. Rfb1 Ke7 29. R1b2 Nc7 30. R5b3 g6 31. Kg2 Nd5 32. Re2 Re8 33. Bb2 Nc7 34.
Bc3 Rd5 35. Bg4 Kd7 36. Bf3 Rd3 37. Be4 Rd1 38. a5 Bd4 39. Bc2 Bxc3 40. Bxd1
Bxa5 41. Rxb7 Kc6 42. Rb1 Re7 43. Bb3 Bb6 44. Rc1+ Kd7 45. Ba4+ Kd8 46. Rc6 Rf7
47. Bb3 Kd7 48. Rcxe6 Rxf2+ 49. Rxf2 Bxf2 50. Rf6 Be3 51. Kf3 Bc1 52. Rf7+ Kd6
53. Rxh7 a5 54. h4 Nb5 55. Kg4 Nd4 56. Ba4 Nf5 57. Ra7 Ne3+ 58. Kg5 Nf5+ 59.
Kxg6 Nxg3 60. h5 Ne2 61. h6 Nf4+ 62. Kf7 1-0

[Event "17th Bora Kostic Mem"]
[Site "Vrsac SRB"]
[Date "2012.11.22"]
[Round "3.3"]
[White "Sedlak, Nikola"]
[Black "Svetushkin, Dmitry"]
[Result "1-0"]
[WhiteTitle "GM"]
[BlackTitle "GM"]
[WhiteElo "2572"]
[BlackElo "2589"]
[WhiteFideId "922900"]
[BlackFideId "13900463"]
[EventDate "2012.11.20"]

1. d4 d5 2. Bf4 c5 3. e3 Nc6 4. c3 Nf6 5. Nd2 Bf5 6. Ngf3 Qb6 7. Nh4 Bd7 8. Qb3
c4 9. Qc2 Nh5 10. Bg3 g6 11. e4 e6 12. Be2 Nxg3 13. hxg3 Qc7 14. Nf1 Ne7 15. Ne3
b5 16. Nf3 Bg7 17. e5 a5 18. a3 Rb8 19. Ng4 Qd8 20. Qd2 h5 21. Nf6+ Bxf6 22.
exf6 Ng8 23. g4 Qxf6 24. g5 Qd8 25. Ne5 Ne7 26. Qf4 Rf8 27. g4 h4 28. Rxh4 Nc6
29. Kd2 Nxe5 30. Qxe5 Bc6 31. Rh7 Kd7 32. Bd1 Qe7 33. Bc2 Rg8 34. Rah1 b4 35.
axb4 axb4 36. Qf6 bxc3+ 37. bxc3 Qxf6 38. gxf6 Rbf8 39. Ra1 Bb7 40. g5 Kd6 41.
Ke3 Rh8 42. Bxg6 Rxh7 43. Bxh7 Rh8 44. g6 fxg6 45. f7 Rf8 46. Bxg6 Ke7 47. Kf4
Kf6 48. Bh5 1-0

[Event "17th Bora Kostic Mem"]
[Site "Vrsac SRB"]
[Date "2012.11.23"]
[Round "4.3"]
[White "Svetushkin, Dmitry"]
[Black "Bogosavljevic, Boban"]
[Result "1-0"]
[WhiteTitle "GM"]
[BlackTitle "GM"]
[WhiteElo "2589"]
[BlackElo "2524"]
[WhiteFideId "13900463"]
[BlackFideId "931152"]
[EventDate "2012.11.20"]

1. e4 c5 2. Nf3 Nc6 3. d4 cxd4 4. Nxd4 Nf6 5. Nc3 e5 6. Ndb5 d6 7. Bg5 a6 8. Na3
b5 9. Nd5 Be7 10. Bxf6 Bxf6 11. c4 b4 12. Nc2 O-O 13. h4 Be6 14. g3 a5 15. Bg2
Rb8 16. Qd3 b3 17. Nxf6+ gxf6 18. axb3 Qb6 19. Ra3 Nb4 20. Nxb4 Qxb4+ 21. Ke2 a4
22. Rc1 axb3 23. Kf3 Rfc8 24. Bf1 f5 25. exf5 d5 26. Kg2 dxc4 27. Qf3 Bd7 28.
Qg4+ Kh8 29. Rxc4 Bc6+ 30. Kg1 Qxa3 31. bxa3 b2 32. Qg5 e4 33. Bd3 Rg8 34. Qf6+
Rg7 35. Bb1 1-0

[Event "17th Bora Kostic Mem"]
[Site "Vrsac SRB"]
[Date "2012.11.28"]
[Round "8.3"]
[White "Svetushkin, Dmitry"]
[Black "Sedlak, Nikola"]
[Result "1/2-1/2"]
[WhiteTitle "GM"]
[BlackTitle "GM"]
[WhiteElo "2589"]
[BlackElo "2572"]
[WhiteFideId "13900463"]
[BlackFideId "922900"]
[EventDate "2012.11.20"]

1. e4 e6 2. d4 d5 3. Nc3 Nf6 4. e5 Nfd7 5. f4 c5 6. Nf3 Nc6 7. Be3 Be7 8. a3 Qb6
9. Na4 Qa5+ 10. Bd2 Qc7 11. dxc5 Nxc5 12. Nxc5 Bxc5 13. Bd3 a5 14. Qe2 Qb6 15.
O-O-O Bd7 16. Rhe1 Nd4 17. Nxd4 Bxd4 18. c3 Rc8 19. Bc2 Bc5 20. Be3 Bxe3+ 21.
Qxe3 Qxe3+ 22. Rxe3 g6 23. g4 h5 24. Rh3 Ke7 25. f5 gxf5 26. gxf5 exf5 27. Rxd5
Rcg8 28. Rhd3 Rg1+ 29. Rd1 Rxd1+ 30. Bxd1 Bc6 1/2-1/2

[Event "17th Bora Kostic Mem"]
[Site "Vrsac SRB"]
[Date "2012.11.29"]
[Round "9.3"]
[White "Georgiev, Kiril"]
[Black "Cvitan, Ognjen"]
[Result "1-0"]
[WhiteTitle "GM"]
[BlackTitle "GM"]
[WhiteElo "2660"]
[BlackElo "2535"]
[WhiteFideId "2900017"]
[BlackFideId "14500086"]
[EventDate "2012.11.20"]

1. d4 Nf6 2. c4 e6 3. Nf3 c5 4. d5 d6 5. Nc3 exd5 6. cxd5 g6 7. Bf4 a6 8. a4 Bg7
9. h3 O-O 10. e3 Qe7 11. Be2 Nbd7 12. O-O Ne8 13. Re1 Ne5 14. Nd2 Rb8 15. a5 b5
16. axb6 Rxb6 17. Qc2 Nc7 18. Bg3 Rb4 19. b3 f5 20. Nc4 Nxc4 21. bxc4 g5 22. Bd3
Qf6 23. Ne2 Bd7 24. Reb1 Rfb8 25. Qd1 h6 26. Rc1 Be8 27. Bh2 Bh5 28. Qf1 Bg6 29.
Qd1 Bh5 30. g4 fxg4 31. Ng3 Bg6 32. hxg4 Bxd3 33. Qxd3 Qf3 34. Ra2 Qxg4 35. Qe4
Qxe4 36. Nxe4 Nxd5 37. Rxa6 Nb6 38. Bxd6 Re8 39. Bxc5 Rxc4 40. Rxc4 Nxc4 41.
Nf6+ Bxf6 42. Rxf6 Kg7 43. Bd4 Kh7 44. Kg2 Re7 45. Bc5 Rg7 46. Bd4 Re7 47. Kg3
Rd7 48. Kg4 Rd6 49. Rf7+ Kg8 50. Rg7+ 1-0

[Event "17th Bora Kostic Mem"]
[Site "Vrsac SRB"]
[Date "2012.11.30"]
[Round "10.3"]
[White "Bogosavljevic, Boban"]
[Black "Svetushkin, Dmitry"]
[Result "0-1"]
[WhiteTitle "GM"]
[BlackTitle "GM"]
[WhiteElo "2524"]
[BlackElo "2589"]
[WhiteFideId "931152"]
[BlackFideId "13900463"]
[EventDate "2012.11.20"]

1. Nf3 Nf6 2. g3 d5 3. Bg2 e6 4. O-O Be7 5. d3 O-O 6. Nbd2 c5 7. e4 Nc6 8. Re1
b5 9. e5 Nd7 10. Nf1 b4 11. h4 a5 12. N1h2 a4 13. a3 bxa3 14. bxa3 Rb8 15. Ng4
Ba6 16. Bg5 Nd4 17. Nxd4 cxd4 18. Nh2 Bxg5 19. hxg5 Qc7 20. Qg4 Qxc2 21. g6 Bxd3
22. Rac1 Qb2 23. gxf7+ Rxf7 24. Qxe6 Be4 25. Nf3 Nf8 26. Qg4 Rb3 27. e6 Rfxf3
28. Bxf3 Rxf3 29. Qxf3 Bxf3 30. e7 d3 31. e8=Q d2 32. Qe3 d4 33. Qf4 h6 34. Rcd1
dxe1=Q+ 35. Rxe1 Qc3 36. Rf1 Ne6 37. Qe5 Ng5 38. Rb1 Be4 39. Qb8+ Kh7 0-1